000 00718nam a2200229Ia 4500
003 OSt
005 20220925232532.0
006 a|||||r|||| 00| 0
007 ta
008 220923b |||||||| |||| 00| 0 eng d
020 _a819010005X
037 _bG-172/06-07, 04/08/2006, Manohar Book Service
_cGeneral Book
040 _aRTL
_cRTL
_beng
041 _2eng
_aeng
082 _aX425.211.N0, P4
100 _aArunachalam B
_9297405
245 0 _aChola navigation package
260 _aMumbai
_bMaritime History Society
_c2004
300 _aix, 109p
_ccm.
942 _hX425.211.N0, P4
_cGB
_2CC
999 _c591537
_d591537